| 000 | 00498nam a2200181 4500 | ||
|---|---|---|---|
| 001 | 126675 | ||
| 003 | ES-MaACL | ||
| 005 | 20230906192847.0 | ||
| 007 | t| | ||
| 008 | 070214s1958 sp r ||||1| spa d | ||
| 245 | 0 | 0 | _aResistencia de materiales. |
| 260 |
_aVitoria : _b[s. n.], _c1958 ( _fTall. Tip. de Jesús Obrero) |
||
| 300 |
_a103 p. : _bil. ; _c22 cm. |
||
| 490 | 1 | _aJesús Obrero | |
| 830 | 0 |
_aJesús Obrero _9183662 |
|
| 852 |
_aES-MaACL _jC-16629 _bR.45342 |
||
| 999 |
_c126675 _d126675 |
||